Chaîne de personnalités en images #2 - Statistiques

Statistiques générales
  • Ce quiz a été pris 334 fois
  • Le résultat moyen est 12 sur 16
Statistiques - réponses
Par images Réponse % Correct
Michael Jackson
98%
Emmanuel Macron
97%
Nelson Mandela
95%
Johnny Hallyday
94%
John F. Kennedy
90%
Charles de Gaulle
89%
Marilyn Monroe
89%
Jean Lassalle
86%
Valéry Giscard d'Estaing
82%
François Mitterrand
81%
Brigitte Bardot
67%
Fidel Castro
65%
Dalida
54%
Yves Montand
33%
Hugo Chavez
27%
Nikita Khrouchtchev
26%
Aucun quiz correspondant
Distribution des résultats
% des personnes avec chaque résultat
Percentile par nombre de réponses
Votre historique - résultats
Vous n’avez pas pris ce quiz